Clic Records en tous genre (2) - Statistiques

Statistiques générales
  • Ce quiz a été pris 146 fois
  • Le résultat moyen est 21 sur 30
Statistiques - réponses
Hint Explanation Réponse % Correct
Quel âge avait la plus âgée mère du monde lors de son accouchement ? (dates confirmées) En 2006 en Espagne 66 ans 11 mois 24 jours
99%
Quel est le plus grand océan du monde ? 166 241 700 km2 Océan pacifique
98%
Quel est le plus grand désert du monde ? 9 269 000 km2 Sahara
95%
Quel est le 1er constructeur d'automobiles au monde ? 11.2 M Toyota
95%
De quelle race était le plus grand chien connu au monde ? Giant George Dogue allemand
94%
Quel jeu vidéo s'est le plus vendu le jour de sa sortie ? 11.21 M d'exemplaires Grand Theft Auto V
94%
Quelle est l'épice la plus chère du monde ? 1550 €/kg Safran
94%
Quel tennisman est resté le plus grand nombre de semaines consécutives N°1 mondial ? 237 semaines Roger Federer
93%
A quelle espèce appartiennent les plus grands et plus massifs arbres du monde ? 115 m de haut Séquoia
92%
Quel personnage de fiction a été joué par le plus d'acteurs différents ? 75 Sherlock Holmes
91%
Quelle est la plus grande des pyramides d'Egypte ? 146M Khéops
89%
Quel pays a le plus faible taux d'alphabétisation au monde ? 15 % Niger
85%
Quel est le plus grand lac d'eau douce du monde ? 81 350 km2 Lac Supérieur
84%
Quelle est la nationalité du joueur ayant remporté les plus gros gains dans un jeu télévisé au monde ? Bruno Hourcade / 1 026 107 € Française
82%
Quelle est la plus grande salle de cinéma du monde ? A Paris Le Grand Rex
81%
Quel est le plus gros animal du monde ? De 100 à 190 tonnes Baleine bleue
80%
Quel est le champignon le plus cher du monde ? 900 €/kg Truffe
79%
Dans quel pays se trouve le plus grand bouddha du monde ? 15 m de haut Japon
72%
Quel est le plus long générique du cinéma ? 14 mn Il était une fois dans l'ouest
69%
Quel est le plus grand paquebot du monde ? 362 m de long Harmony of the seas
67%
Quel est le désert le plus sec du monde ? 0.8 mm de pluie par an Atacama
58%
Où se trouve le pont ayant les plus hautes piles du monde ? 343 m Millau
58%
Où se trouve le plus grand opéra du monde ? Civic opera house Chicago
54%
Quel est le plus ancien film ? 1895 La sortie des usines Lumière
51%
Où est détenu le plus grand herbier du monde ? Fondé en 1793 Muséum national d'histoire naturelle de Paris
40%
Quel mammifère a le plus grand cerveau du monde ? Grand cachalot
32%
Où se trouvent les plus anciennes peintures rupestre ? Sur la commune de Sergeac en Dordogne / - 37000 ans Castel Merle
22%
Quel est le plus long film jamais tourné ? 240h Modern Times
17%
Où se trouve le plus haut donjon du monde ? 52 m Vincennes
15%
Où se trouve la plus ancienne nécropole d'Europe ? Dans les Deux-Sèvres Bougon
5%
Aucun quiz correspondant
Distribution des résultats
% des personnes avec chaque résultat
Percentile par nombre de réponses
Votre historique - résultats
Vous n’avez pas pris ce quiz